000 00578cam a2200217 a 4500
001 3333506
005 20180213064501.0
008 851017s1985 nyua b 000 0 eng
010 _a 85025966
020 _a093581700X (pbk.) :
_c$4.95
040 _aDLC
_cDLC
_dDLC
_dWaU
_dDLC
041 _aeng
080 _a697..042 sus
082 0 0 _a697..042 sus
_219
100 _a9
101 _amje
245 0 0 _aBurning wood and coal /
_cby Susan MacKay ... [et al.].
504 _aBibliography: p. 90.
906 _a7
_bcbc
_corignew
_d1
_eocip
_f19
_gy-gencatlg
942 _2ddc
_cBK
999 _c42369
_d42369